ระบบห้องสมุดอัตโนมัติ ULibM
วิทยาลัยพยาบาลบรมราชชนนี พระพุทธบาท
เปลี่ยนเป็นภาษาไทย

Change to English
 แสดงรายละเอียดบรรณานุกรม
  กลับหน้าหลัก

Brief Record : Get Marc (ISO 2709) : E-mail record : QR code ปิดหน้าต่าง
E-books : เกี่ยวกับ Collections
LEADER 00000nam 2200000uu 4500
001    13399122074
003     ULIBM
008    011112s2009 th a 000 0 eng d
020    9780781796859
100    Frank W. Drislane…[et al.]
245    Bluprints neurology
250    3rd ed
260    China :^bWilliams & Wilkins,^c2009
300    219 pages
650    Nervous System Diseases^xNeurology
700 0  Michael Benatar
700 0  Bernard Chang
700 0  Juan Acosta
700 0  Andrew Tarulli
700 0  Louis Caplan
945    ^p0^l0^i012560
999    ^aน.ส.สุพรรษา เริงรื่น
รายการนี้ยังไม่มีแท็ก
คุณยังไม่ได้ล็อกอิน คุณสามารถมีกิจกรรมร่วมกับเว็บไซต์ได้ แต่ต้องล็อกอินก่อน ::
  ล็อกอิน
ลำดับที่ ประเภท เลขเรียก สถานที่ สถานะ
1.
WL140 B658 2009  
  
วิทยาลัยพยาบาลบรมราชชนนี พระพุทธบาท
►หนังสือทั่วไป
On Shelf
   [แสดง 1/1 รายการ]

Bib 13399122074